000 00694cam a22002651a 4500
001 sa 68003504
003 DLC
005 20260227112453.0
008 890814s1967 xx 000 0 hin
010 _asa 68003504
025 _aPL480: I-H-5034
035 _a(OCoLC)23539476
037 _cRs 10
040 _aDLC
_cMiU
_dWU
_dDLC
041 1 _ahineng
_hhin
042 _apremarc
050 0 0 _aPR6037.H73
_bF6 1967
100 0 _aShriman Narayan,
_d1912-1978.
240 1 0 _aJīvana nirjhara.
_lHindi & English.
245 1 0 _aJīvana nirjhara =
_bThe fountain of life.
246 1 1 _aFountain of life
260 _c[1967]
300 _a151 p. ;
_c22 cm.
546 _aHindi and English.
999 _c79530
_d79530